THE JOURNEY OF SELF-DISCOVERY (Record no. 216583)

MARC details
000 -LEADER
fixed length control field 00369nam a22001337a 4500
008 - FIXED-LENGTH DATA ELEMENTS--GENERAL INFORMATION
fixed length control field 260216b |||||||| |||| 00| 0 eng d
020 ## - INTERNATIONAL STANDARD BOOK NUMBER
International Standard Book Number 978-93-82716-98-3
050 ## - LIBRARY OF CONGRESS CALL NUMBER
Classification number BL 1285 .845 .P73
245 ## - TITLE STATEMENT
Title THE JOURNEY OF SELF-DISCOVERY
260 ## - PUBLICATION, DISTRIBUTION, ETC.
Place of publication, distribution, etc. Mumbai , India
Name of publisher, distributor, etc. The Bhaktivedanta Book Trust
Date of publication, distribution, etc. 1980
300 ## - PHYSICAL DESCRIPTION
Extent 294pages
942 ## - ADDED ENTRY ELEMENTS (KOHA)
Source of classification or shelving scheme Library of Congress Classification
Koha item type Long Loan Book
Holdings
Withdrawn status Lost status Source of classification or shelving scheme Damaged status Not for loan Collection Home library Current library Shelving location Date acquired Inventory number Total checkouts Full call number Barcode Date last seen Date last checked out Copy number Price effective from Koha item type
    Library of Congress Classification     Arts & Social Sciences Kisii University Library Kisii University Library On Display 02/16/2026 089752 2 BL 1285.845 .P73 006730 04/23/2026 04/16/2026 C.5 02/16/2026 Long Loan Book